| 000 | 01127nam a22002417a 4500 | ||
|---|---|---|---|
| 001 | 223 | ||
| 003 | FISKH | ||
| 005 | 20240530160535.0 | ||
| 008 | 230307b cb ||||| |||| 00| 0 eng d | ||
| 040 |
_aFISKH _beng _cFISKH _dFISKH |
||
| 050 | _aBL820.O3 | ||
| 082 | _a292.13 | ||
| 100 | _aOsborne, Mary Pope | ||
| 245 |
_aTales from the Odyssey : _bPart two / _cMary Pope Osborne |
||
| 260 |
_aNew York : _bScholastic, _c2011 |
||
| 300 |
_a286 pages : _c18 cm. |
||
| 490 |
_3books 4,5,6 _aTales from the Odyssey Part Two _vVolume 2 |
||
| 505 | _aM | ||
| 520 | _aAfter twenty years of fighting monsters, angering gods and goddesses, and surviving against the odds, Odysseus is more desperate than ever to return to his family. But first he will have to explore yet another strange land. And when he finally does return home, he will have yet more dangerous enemies to face. This is the exciting conclusion to the series by best-selling author Mary Pope Osborne, retelling Homer's Odyssey, one of the most thrilling adventure stories of all time. | ||
| 521 | 8 |
_a790
_bLexile |
|
| 521 | 8 |
_aM
_bRaz-Plus |
|
| 942 |
_2ddc _cBK _n0 |
||
| 999 |
_c223 _d223 |
||